01514nam a2200301 a 4500001001000000005001700010008004100027041000800068044000700076084002100083100004500104245012700149260002900276300002400305500010500329500008900434500027500523500003900798500001100837546002400848650005200872650005600924650003400980650004501014700005501059700004801114740005001162BRCA_296220190320204039.0181208s1893----gw-a---###---#000-0#ger-u ager agw a300b.K539c18931 aCervantes Saavedra, Miguel ded1547-161610aLeben und Thaten des scharfsinnigen Edlen Don Quijote von der Manchacaus dem Spanischen des Miguel de Cervantes Saavedra. aLeipzigbTh. Knaurc1893 a384 p.bil.c36 cm. aContenido : Primera parte. Prefacio de la cuarta edición por Wolzogen. Texto. Segunda parte. Texto aEdición : Neu Bearbeitet von Ernst von Wolzogen. Illustrationen von Gustavo Doré aTraducción de Ernst von Wolzogen, con los dibujos de G. Doré. Copia de la edición de Berlín de 1884. Edición de lujo, espléndidamente impresa. Semitela; lomeras y cubiertas decoradas con adornos dorados y motivos quijotiles en varios colores Lúdovik Osterc aInclue índice : De ilustraciones aQM535B aTexto en : alemán14aNovela españolayÉpoca clásica, 1500-170014aLiteratura españolayÉpoca clásica, 1500-170014aNovela españolaySiglo XVII14aDon Quijote (Personaje ficticio)eNovela1 aWolzogen, Ernst Freiherr vond1855-1934eTraductor1 aDoré, Paul Gustaved1832-1883eIlustrador0 aEl Ingenioso Hidalgo Don Quijote de la Mancha